| 000 | 00397cam a22001457a 4500 | ||
|---|---|---|---|
| 008 | 180718b1952 xxu||||| |||| 00| 0 eng d | ||
| 082 | _aK L588 | ||
| 100 | _aLewis, Roy | ||
| 245 |
_aProfessional people _cby Roy Lewis and Angus Maude |
||
| 260 |
_aLondon _bPhoneis House _c1952 |
||
| 300 | _a284p. | ||
| 500 | _a18/- | ||
| 650 | _aPersonnel management --Prefessions - UK | ||
| 700 | _aMaude, Angus | ||
| 999 |
_c372298 _d372298 |
||